Personnages de Pulp Fiction (Mort subite) - Statistiques

Statistiques générales
  • Ce quiz a été pris 146 fois
  • Le résultat moyen est 6 sur 10
Answers on the Grid
Answers color-coded by a green-red scale on the quiz's grid according to % correct below.
Jules Winnfield
Vincent Vega
Butch Coolidge
Marsellus Wallace
Mia Wallace
Fabienne
Winston Wolfe
Esmeralda Villalobos
Capitaine Koons
Lance
Jackie Brown
Beatrix Kiddo
O-Ren Ishii
Vernita Green
Elle Driver
Bill
Sofie Fatale
Hattori Hanzo
Shosanna Dreyfus
Aldo Rayne
 
Statistiques - réponses
Réponse % Correct
Vincent Vega
96%
Mia Wallace
84%
Marsellus Wallace
79%
Jules Winnfield
70%
Fabienne
63%
Butch Coolidge
59%
Winston Wolfe
45%
Esmeralda Villalobos
36%
Lance
34%
Capitaine Koons
32%
Aucun quiz correspondant
Distribution des résultats
% des personnes avec chaque résultat
Percentile par nombre de réponses
Votre historique - résultats
Vous n’avez pas pris ce quiz